00552nam a2200229Ia 4500008004100000040001200041082002100053082001500074245002200089300001000111300000600121300001400127530001900141530001700160563001000177630002200187650004000209650002100249730002200270942000900292999002100301160321s9999||||xx |||||||||||||| ||und|| cEnglish aXI.A/Indian Govt bBORI-29784 aFace Of New India a8+110 cF eHardbound bN. M. Khupekar u00046137.pdf aStudy aFace Of New India a"Politics, History+ Historiography" aGeneral Indology aFace Of New India cBOOK c1360448d1360445